El idiota (Registro nro. 24371)

Detalles MARC
000 -CABECERA
Longitud fija campo de control 00683nam a2200217 a 4500
003 - IDENTIFICADOR DELl NÚMERO DE CONTROL
Identificador del número de control OSt
005 - FECHA Y HORA DE LA ÚLTIMA TRANSACCIÓN
Fecha y hora de la última transacción 20160125105059.0
008 - CÓDIGOS DE INFORMACIÓN DE LONGITUD FIJA
Códigos de información de longitud fija 020226s1972 esp 000 1 spa d
040 ## - FUENTE DE LA CATALOGACIÓN
Centro transcriptor BMC
082 ## - NÚMERO DE LA CLASIFICACIÓN DECIMAL DEWEY
Númeroo de clasificación 891.7
100 1# - PUNTO DE ACCESO PRINCIPAL-NOMBRE DE PERSONA
Nombre de persona Dostoevskiï, Fiodor Mijaïlovich
9 (RLIN) 133
Fechas asociadas al nombre 1821-1881
245 13 - MENCIÓN DE TÍTULO
Título El idiota
Número de parte o sección de la obra IV
Mención de responsabilidad, etc. Fedor Dostoyevski ; [traducción, José Laín Entralgo, Augusto Vidal]
260 ## - PUBLICACIÓN, DISTRIBUCIÓN, ETC. (PIE DE IMPRENTA)
Lugar de publicación, distribución, etc. Barcelona
Nombre del editor, distribuidor, etc. Círculo de lectores
Fecha de publicación, distribución, etc. 1972
300 ## - DESCRIPCIÓN FÍSICA
Extensión 640 p.
Dimensiones 20 cm
490 ## - MENCIÓN DE SERIE
Mención de serie Clásicos de la literatura universal
546 ## - NOTA DE LENGUA
Nota de lengua Traducción de: Idiot
650 24 - PUNTO DE ACCESO ADICIONAL DE MATERIA - TÉRMINO DE MATERIA
9 (RLIN) 29314
Término de materia o nombre geográfico como elemento inicial Novela rusa
700 1# - PUNTO DE ACCESO ADICIONAL - NOMBRE DE PERSONA
9 (RLIN) 26028
Nombre de persona Laín Entralgo, José
700 1# - PUNTO DE ACCESO ADICIONAL - NOMBRE DE PERSONA
9 (RLIN) 29345
Nombre de persona Vidal, Augusto
942 ## - ENTRADA DE ELEMENTOS AGREGADOS (KOHA)
Fuente de clasificaión o esquema Dewey Decimal Classification
Koha [por defecto] tipo de item 1- Monografias
Existencias
Suprimido Perdido Fuente de clasificación o esquema Estropeado Restricciones de uso No para préstamo Código de colección Localización permanente Localización actual Localización en estanter&íacute;as Fecha adquisición Fuente de adquisición Número de inventario Préstamos totales Signatura completa Código de barras Fecha última consulta Fecha último préstamo Coste, precio reemplazado Fecha del precio de reemplazo Tipo de item de Koha
NULL NULL Dewey Decimal Classification NULL Prestable NULL NULL Biblioteca Miguel de Cervantes - UNICAES Biblioteca Miguel de Cervantes - UNICAES Sala Principal 11/01/2016 Donación - ADESH 031729 1 N DOS idi 1036037 27/02/2026 25/02/2026 5.00 11/01/2016 1- Monografias